| 000 | 01435nam0a22002531 4500 | ||
|---|---|---|---|
| 001 | rc\496311 | ||
| 005 | 20250621105743.0 | ||
| 035 | _a(NLR Aleph) 005737820 | ||
| 090 |
_a4705551 _c4705551 |
||
| 100 | _a20030616d1988 |||y0rusy50 ca | ||
| 101 | 0 | _arus | |
| 102 | _aRU | ||
| 105 | _aa ||||||||| | ||
| 200 | 1 |
_aПЕРЕДОВОЙ опыт совершенствования оперативного управления производством в объединениях и на предприятиях отрасли _fП.Н. Буцаев, к. э. н., В.С. Шербиновская, Т.А. Кургузова и др. |
|
| 210 |
_aМ. _cВНИИС легпищемаш _d1988 |
||
| 215 |
_a67 с. _cсхем. _d22 |
||
| 225 | 1 |
_aЭкономика машиностроения для легкой и пищевой промышленности и бытовых приборов _eОбзор. информ. _fМ-во машиностроения для лег. и пищ. пром-сти и быт. приборов. ВНИИ информ., стандартизации и упр. качеством продукции _vВып. 1 |
|
| 225 | 1 | _aИнформационное обеспечение отраслевых научно-технических программ | |
| 320 | _aБиблиогр.: с. 65 | ||
| 801 | 0 |
_aRU _bNLR _gpsbo |
|
| 801 | 1 |
_aRU _bELAR _2rusmarc |
|
| 852 |
_aNLR _jП22/4989 |
||
| 942 | _cBOOK | ||
| 980 | _aNB | ||